000 00989nam a2200277 i 4500
001 bgj
100 1 _aKAFKA, Franz
_d(1883-1924)
245 1 0 _aThe Castle /
_cFranz Kafka ; translated from the German by Willa adn Edwin Muir ; with additional material translated by Eithne Wilkins and Ernst Kaiser.
260 _aLondon :
_bPenguin Books,
_c19??=
_bin association with Martin Secker and Warburg.
300 _a298 pp ;
_c20 cm.
490 1 _aPenguin Twentieth-Century Classics
500 _aTranslation of "Das Schloss".
650 9 _aAustrian literature
650 9 _aNon-English literature
700 1 _aMUIR, Willa
_d(1890-?).
_etransl.
700 1 _aMUIR, Edwin
_d(1887-1959).
_etransl.
700 1 _aWILKINS, Eithne.
_etransl.
700 1 _aKAISER, Ernst.
_etransl.
830 _aPenguin Twentieth-Century Classics
020 _a0140181083
040 _cBPK
041 0 _aeng
_hger
920 _a0-14-018108-3
942 _cKS
008 s uk f |000 0 eng
999 _c48790
_d48790
856 _uhttp://koha.tu.koszalin.pl/cgi-bin/koha/opac-detail.pl?biblionumber=48790
_yKatalog online BPK